000 00672nam a2200241Ia 4500
003 OSt
005 20220918200805.0
006 a|||||r|||| 00| 0
007 ta
008 220917b |||||||| |||| 00| 0 eng d
024 _a90,238
037 _cTextual
040 _aARTS
_cARTS
_beng
041 _2eng
_aeng
082 _aU65,8(B)p1,N68, K9
110 _aInternational conference on the methods
_995523
245 0 _aMethodologies of pattern recognition proceedings
260 _c1969
650 _aGEOGRAPHY
700 _aInternational conference on the methods
_995524
942 _hU65,8(B)p1,N68, K9
_cTEXL
_2CC
999 _c213905
_d213905